[Event "Warsaw YMCA Winter-A 297th"]
[Site "Warsaw"]
[Date "2025.02.20"]
[Round "7"]
[White "Sucharski, Jakub"]
[Black "Pajak, Jakub Lech"]
[Result "1/2-1/2"]
[WhiteElo "1736"]
[BlackElo "1865"]
[PlyCount "116"]
[EventDate "2025.01.09"]
[EventType "tourn"]
[EventRounds "11"]
[EventCountry "POL"]
[SourceTitle "CB14_2025"]
[SourceDate "2024.11.01"]
[SourceVersion "1"]
[SourceVersionDate "2024.11.01"]
[SourceQuality "1"]

1. c4 e5 2. g3 Nc6 3. Bg2 f5 4. Nc3 Nf6 5. d3 Bb4 6. Bd2 0-0 7. a3 Bxc3 8. Bxc3 d6 9. Nf3 Qe8 10. Nd2 Kh8 11. e4 Qg6 12. Qe2 fxe4 13. Nxe4 Nxe4 14. Bxe4 Bf5 15. 0-0 Rae8 16. Rae1 Re7 17. b4 Ref7 18. f4 Bxe4 19. Qxe4 exf4 20. Qxg6 hxg6 21. Rxf4 Rxf4 22. gxf4 Rxf4 23. b5 Nd4 24. Re7 a6 25. Bxd4 Rxd4 26. Rxc7 axb5 27. cxb5 Rxd3 28. Rxb7 Rxa3 29. Rd7 Rb3 30. Rxd6 Rxb5 31. Rxg6 Kh7 32. Ra6 Rb2 33. Ra7 Kh6 34. Ra3 g5 35. h3 Kh5 36. Rc3 Kh4 37. Rd3 Kh5 38. Rc3 Kg6 39. Rf3 Ra2 40. Rf2 Ra3 41. Kg2 Kh5 42. Rf3 Ra1 43. Kg3 Rg1+ 44. Kf2 Rb1 45. Kg3 Ra1 46. Re3 Ra4 47. Rf3 Ra1 48. Re3 Rh1 49. Kg2 Rb1 50. Kg3 Rb4 51. Rf3 Ra4 52. Re3 Rh4 53. Re8 Ra4 54. Rh8+ Kg6 55. Rg8+ Kf6 56. Rf8+ Kg7 57. Rb8 Kg6 58. Rg8+ Kf5 1/2-1/2

[Event "Warsaw YMCA Winter-A 297th"]
[Site "Warsaw"]
[Date "2025.02.06"]
[Round "5"]
[White "Kwiecinski, Rafal"]
[Black "Pajak, Jakub Lech"]
[Result "0-1"]
[WhiteElo "1756"]
[BlackElo "1865"]
[PlyCount "82"]
[EventDate "2025.01.09"]
[EventType "tourn"]
[EventRounds "11"]
[EventCountry "POL"]
[SourceTitle "CB14_2025"]
[SourceDate "2024.11.01"]
[SourceVersion "1"]
[SourceVersionDate "2024.11.01"]
[SourceQuality "1"]

1. e4 Nf6 2. Nc3 d5 3. e5 d4 4. Nce2 Ng4 5. f4 c5 6. h3 Nh6 7. Nf3 Nc6 8. Ng3 Nf5 9. Nxf5 Bxf5 10. Bb5 Qb6 11. Bxc6+ bxc6 12. 0-0 c4 13. Kh2 e6 14. g4 Be4 15. d3 Bd5 16. b3 h5 17. gxh5 c3 18. Ng5 f6 19. Nf3 0-0-0 20. Nh4 f5 21. Ng6 Rh7 22. a3 Qb7 23. b4 c5 24. bxc5 Bxc5 25. a4 a5 26. Ba3 Bxa3 27. Rxa3 Kd7 28. Ra1 Rb8 29. Qe2 Ke8 30. Kg3 Rh6 31. Rfc1 Qf7 32. Rcb1 Rb2 33. Rc1 Qg8 34. Qf2 Rxh5 35. Qxd4 Qh7 36. Qxc3 Rxh3+ 37. Kf2 Rf3+ 38. Ke1 Qh1+ 39. Kd2 Qg2+ 40. Kd1 Rf1+ 41. Qe1 Bf3# 0-1

[Event "Warsaw YMCA Winter-A 297th"]
[Site "Warsaw"]
[Date "2025.01.31"]
[Round "4"]
[White "Pajak, Jakub Lech"]
[Black "Kania, Tomasz"]
[Result "1/2-1/2"]
[WhiteElo "1865"]
[BlackElo "1818"]
[PlyCount "34"]
[EventDate "2025.01.09"]
[EventType "tourn"]
[EventRounds "11"]
[EventCountry "POL"]
[SourceTitle "CB14_2025"]
[SourceDate "2024.11.01"]
[SourceVersion "1"]
[SourceVersionDate "2024.11.01"]
[SourceQuality "1"]

1. c4 e5 2. g3 c6 3. d4 Bb4+ 4. Bd2 Bxd2+ 5. Qxd2 e4 6. d5 cxd5 7. cxd5 d6 8. Qd4 Nf6 9. Bg2 Qe7 10. Nd2 Bf5 11. e3 Nbd7 12. Ne2 0-0 13. Nc3 Nc5 14. 0-0 a5 15. h3 Rfe8 16. Nc4 Ra6 17. Kh2 Bd7 1/2-1/2

[Event "Warsaw YMCA Winter-A 297th"]
[Site "Warsaw"]
[Date "2025.01.22"]
[Round "3"]
[White "Pietrzak, Wojciech"]
[Black "Pajak, Jakub Lech"]
[Result "0-1"]
[WhiteElo "1818"]
[BlackElo "1865"]
[PlyCount "120"]
[EventDate "2025.01.09"]
[EventType "tourn"]
[EventRounds "11"]
[EventCountry "POL"]
[SourceTitle "CB14_2025"]
[SourceDate "2024.11.01"]
[SourceVersion "1"]
[SourceVersionDate "2024.11.01"]
[SourceQuality "1"]

1. e4 d5 2. exd5 Qxd5 3. Nc3 Qd6 4. g3 Nf6 5. d4 c6 6. Bf4 Qb4 7. a3 Qb6 8. Na4 Qa5+ 9. c3 Qd5 10. f3 b5 11. Nc5 e6 12. Nd3 Nbd7 13. Bg2 Bb7 14. Nb4 Qf5 15. Qe2 a5 16. Bh3 Qg6 17. d5 axb4 18. dxe6 fxe6 19. Bxe6 Be7 20. Bd6 0-0-0 21. Bxe7 Rde8 22. f4 Rxe7 23. f5 Qg4 24. axb4 Qxe2+ 25. Nxe2 g6 26. 0-0 gxf5 27. Nd4 Kc7 28. Rae1 Rhe8 29. Rxf5 Kd6 30. Rxf6 Nxf6 31. Nf5+ Kc7 32. Nxe7 Rxe7 33. Kf2 c5 34. Bf5 Rxe1 35. Kxe1 cxb4 36. cxb4 Be4 37. Be6 Kd6 38. Bb3 Ke5 39. Ke2 Kd4 40. Be6 Nd5 41. Bd7 Bd3+ 42. Kd2 Nf6 43. Be6 Ne4+ 44. Kc1 Ke3 45. g4 Kf4 46. h4 Nf6 47. g5 Ne4 48. Bg8 Ng3 49. Kd2 Bf5 50. Bf7 Kg4 51. Be8 Ne4+ 52. Ke3 Nd6 53. Bc6 Kxh4 54. Kf4 Bd3 55. Bd5 Bc4 56. Bc6 Nf7 57. b3 Bf1 58. Ke3 Kg3 59. g6 hxg6 60. Be8 Nh8 0-1

[Event "Canadian op"]
[Site "Laval"]
[Date "2024.07.16"]
[Round "5"]
[White "Pajak, Jakub Lech"]
[Black "Filion, Samuel"]
[Result "1/2-1/2"]
[WhiteElo "1990"]
[BlackElo "1729"]
[PlyCount "64"]
[EventDate "2024.07.13"]
[EventType "swiss"]
[EventRounds "9"]
[EventCountry "CAN"]
[SourceTitle "EXT 2025"]
[Source "ChessBase"]
[SourceDate "2024.10.14"]
[SourceVersion "1"]
[SourceVersionDate "2024.10.14"]
[SourceQuality "1"]

1. e4 d6 2. Nc3 e5 3. d4 Nf6 4. Nf3 Nbd7 5. Bc4 Be7 6. Bxf7+ Kxf7 7. Ng5+ Kg8 8. Ne6 Qe8 9. Nxc7 Qd8 10. Nxa8 b6 11. dxe5 dxe5 12. Nd5 Bd6 13. Bg5 Bb7 14. Naxb6 Nxb6 15. Nxf6+ gxf6 16. Bh6 Bxe4 17. Qg4+ Bg6 18. 0-0-0 Qc8 19. Qxc8+ Nxc8 20. h4 Kf7 21. Rh3 Be4 22. Rc3 Ke6 23. f3 Bd5 24. Bg7 Rg8 25. Bxf6 Bxa2 26. Bg5 Bd5 27. Be3 Bb7 28. Rg1 Nb6 29. Rb3 Bd5 30. Rb5 Bc6 31. Rb3 Bd5 32. Rb5 Bc6 1/2-1/2

[Event "Canadian op"]
[Site "Laval"]
[Date "2024.07.15"]
[Round "4"]
[White "Wang, Andy Zixin"]
[Black "Pajak, Jakub Lech"]
[Result "1-0"]
[WhiteElo "1840"]
[BlackElo "1990"]
[PlyCount "69"]
[EventDate "2024.07.13"]
[EventType "swiss"]
[EventRounds "9"]
[EventCountry "CAN"]
[SourceTitle "EXT 2025"]
[Source "ChessBase"]
[SourceDate "2024.10.14"]
[SourceVersion "1"]
[SourceVersionDate "2024.10.14"]
[SourceQuality "1"]

1. e4 c5 2. Nf3 Nc6 3. d4 cxd4 4. Nxd4 Qb6 5. Nb3 Nf6 6. Nc3 e6 7. Be3 Qc7 8. a3 a6 9. g3 b5 10. Be2 Ne5 11. Bf4 Bb7 12. 0-0 d6 13. Re1 Be7 14. a4 b4 15. Na2 a5 16. Nd4 Ba6 17. b3 Rc8 18. Rc1 Qb6 19. Bf1 Bxf1 20. Kxf1 Neg4 21. h3 Nxf2 22. Kxf2 e5 23. Be3 Nxe4+ 24. Kg2 exd4 25. Bxd4 Qc6 26. Qf3 d5 27. c4 bxc3 28. Nxc3 0-0 29. Nxe4 dxe4 30. Qg4 g6 31. Rxc6 Rxc6 32. Qxe4 Re6 33. Qb1 Rxe1 34. Qxe1 Bb4 35. Qe5 1-0

[Event "Canadian op"]
[Site "Laval"]
[Date "2024.07.14"]
[Round "3"]
[White "Tran, Tri"]
[Black "Pajak, Jakub Lech"]
[Result "1-0"]
[WhiteElo "1844"]
[BlackElo "1990"]
[PlyCount "69"]
[EventDate "2024.07.13"]
[EventType "swiss"]
[EventRounds "9"]
[EventCountry "CAN"]
[SourceTitle "EXT 2025"]
[Source "ChessBase"]
[SourceDate "2024.10.14"]
[SourceVersion "1"]
[SourceVersionDate "2024.10.14"]
[SourceQuality "1"]

1. d4 Nf6 2. c4 e6 3. Nf3 a6 4. a4 Bb4+ 5. Bd2 Qe7 6. g3 Ne4 7. Qc2 Nxd2 8. Nbxd2 0-0 9. Bg2 c5 10. dxc5 Qxc5 11. 0-0 d5 12. Rfc1 d4 13. Nb3 Qe7 14. Nfxd4 e5 15. Nf5 Qf6 16. Ne3 Nc6 17. Nd5 Qg5 18. Nxb4 Nxb4 19. Qc3 Nc6 20. e3 Rd8 21. Na5 Nxa5 22. Qxa5 Bg4 23. Bxb7 Rab8 24. Qxa6 Qe7 25. Bh1 Rxb2 26. Rab1 Qb4 27. Qb5 Rxb1 28. Rxb1 Qc3 29. Bd5 h5 30. Qb7 Rd7 31. Qb8+ Kh7 32. Be4+ f5 33. Bd5 Qd3 34. Qg8+ Kh6 35. Rb6+ 1-0

[Event "Warsaw YMCA Spring-B 287th"]
[Site "Warsaw"]
[Date "2024.05.07"]
[Round "3"]
[White "Sternik, Piotr"]
[Black "Pajak, Jakub Lech"]
[Result "0-1"]
[WhiteElo "1875"]
[BlackElo "1887"]
[PlyCount "74"]
[EventDate "2024.04.11"]
[EventType "tourn"]
[EventRounds "11"]
[EventCountry "POL"]
[SourceTitle "EXT 2025"]
[Source "ChessBase"]
[SourceDate "2024.10.14"]
[SourceVersion "1"]
[SourceVersionDate "2024.10.14"]
[SourceQuality "1"]

1. d4 d6 2. c4 e5 3. e3 g6 4. dxe5 dxe5 5. Qxd8+ Kxd8 6. Nf3 Bg7 7. Nc3 c6 8. Ne4 Kc7 9. Bd2 b6 10. c5 Nh6 11. Bc3 f6 12. 0-0-0 Bf5 13. Nd6 Nd7 14. Nxf5 Nxf5 15. g4 Ne7 16. cxb6+ axb6 17. g5 Nd5 18. gxf6 Bxf6 19. Bh3 Nc5 20. Bxe5+ Bxe5 21. Nxe5 Rxa2 22. Nc4 Nb4 23. Kd2 b5 24. Kc3 Nd5+ 25. Rxd5 cxd5 26. Ne5 Re8 27. f4 Kd6 28. Rc1 b4+ 29. Kc2 b3+ 30. Kc3 Ra7 31. Kd2 Ne4+ 32. Ke1 Rc7 33. Ra1 Ke7 34. Ra6 Rc1+ 35. Ke2 Rc2+ 36. Ke1 Kf8 37. Be6 Nc5 0-1

[Event "POL-chT 2nd League"]
[Site "Jastrzebia Gora"]
[Date "2023.09.03"]
[Round "2.112"]
[White "Slawinski, Miroslaw"]
[Black "Pajak, Jakub Lech"]
[Result "1-0"]
[WhiteElo "1905"]
[BlackElo "1863"]
[PlyCount "83"]
[EventDate "2023.09.02"]
[EventType "team-swiss"]
[EventRounds "9"]
[EventCountry "POL"]
[SourceTitle "CBM 216 Extra"]
[Source "ChessBase"]
[SourceDate "2023.11.30"]
[SourceVersion "1"]
[SourceVersionDate "2023.11.30"]
[SourceQuality "1"]
[WhiteTeam "Olsztyn Trzydziestka"]
[BlackTeam "Skoczek Trojanski"]
[WhiteTeamCountry "POL"]
[BlackTeamCountry "POL"]

1. d4 d5 2. c4 e6 3. Nc3 c6 4. Nf3 dxc4 5. g3 Bb4 6. Bg2 Nf6 7. 0-0 Nbd7 8. Qc2 Qa5 9. a3 Bxc3 10. bxc3 Qf5 11. Qa2 Nb6 12. Ne5 Nfd7 13. e4 Qf6 14. Nxc4 Nxc4 15. Qxc4 Nb6 16. Qb4 Qe7 17. Qb3 0-0 18. a4 Re8 19. Ba3 Qc7 20. e5 Nd5 21. Bd6 Qb6 22. Qc2 Qa5 23. Rfc1 Bd7 24. c4 Ne7 25. g4 Nc8 26. Bc5 Qd8 27. Ra3 Qg5 28. Rg3 Ne7 29. h4 Qf4 30. Re1 b6 31. Re4 Qh6 32. g5 Qg6 33. Bxe7 Rxe7 34. Qe2 h5 35. Bf3 c5 36. Bxh5 Qh7 37. Bxf7+ Kh8 38. g6 Qh6 39. Rg5 Bc6 40. Rh5 Bxe4 41. Rxh6+ gxh6 42. Qxe4 1-0

[Event "Warsaw YMCA Summer-A 276th"]
[Site "Warsaw"]
[Date "2023.07.26"]
[Round "5"]
[White "Polak, Michal"]
[Black "Pajak, Jakub Lech"]
[Result "1-0"]
[WhiteElo "1895"]
[BlackElo "1880"]
[PlyCount "167"]
[EventDate "2023.07.05"]
[EventType "tourn"]
[EventRounds "10"]
[EventCountry "POL"]
[SourceTitle "EXT 2024"]
[Source "ChessBase"]
[SourceDate "2023.10.10"]
[SourceVersion "1"]
[SourceVersionDate "2023.10.10"]
[SourceQuality "1"]

1. e4 c6 2. d4 d5 3. Nc3 dxe4 4. Nxe4 Nf6 5. Nxf6+ gxf6 6. c3 Bf5 7. Ne2 Nd7 8. Ng3 Bg6 9. h4 h5 10. Be2 Qa5 11. b4 Qb6 12. Be3 a5 13. a3 axb4 14. axb4 Rxa1 15. Qxa1 e6 16. Qa8+ Ke7 17. 0-0 Qc7 18. b5 Nb6 19. Qa5 Nd5 20. Qxc7+ Nxc7 21. c4 cxb5 22. cxb5 Nd5 23. Ra1 f5 24. Bf3 f4 25. Bxd5 fxe3 26. Bxb7 exf2+ 27. Kxf2 Bg7 28. Ne2 Bd3 29. Ra7 Bxe2 30. Bf3+ Kd6 31. Kxe2 Bxd4 32. Rxf7 Kc5 33. Bc6 e5 34. Kf3 Kc4 35. Rf5 Kc5 36. Ke4 Kd6 37. Rf6+ Kc5 38. Rg6 Rf8 39. g3 Rf1 40. Rg5 Rg1 41. Kf3 Rf1+ 42. Kg2 Rf2+ 43. Kh3 Kc4 44. Rxh5 Kd3 45. b6 Bxb6 46. Rxe5 Kd4 47. Re4+ Kc5 48. Re6 Rd2 49. Bf3 Rd6 50. Re5+ Kd4 51. Re4+ Kd3 52. h5 Rf6 53. Bg2 Be3 54. Re5 Bd4 55. Rd5 Kc4 56. Kg4 Rf2 57. Bf3 Be3 58. Rd6 Kc5 59. Re6 Kd4 60. Bc6 Rh2 61. Be4 Bc1 62. Bg6 Kd5 63. Re1 Bd2 64. Re8 Kd6 65. Kf3 Bg5 66. g4 Ra2 67. Bd3 Ra4 68. Rg8 Bc1 69. h6 Bxh6 70. Rg6+ Ke5 71. Rxh6 Rf4+ 72. Kg3 Rb4 73. Bf5 Rb3+ 74. Kh4 Kf4 75. Ra6 Rb4 76. Ra1 Rb8 77. Rf1+ Ke5 78. Kg5 Rg8+ 79. Bg6 Rh8 80. Re1+ Kd6 81. Kf6 Rh4 82. Rd1+ Kc7 83. g5 Rf4+ 84. Bf5 1-0

[Event "Warsaw YMCA Golden Autumn 267th"]
[Site "Warsaw"]
[Date "2022.09.30"]
[Round "2"]
[White "Golecki, Jan"]
[Black "Pajak, Jakub Lech"]
[Result "1-0"]
[WhiteElo "2193"]
[BlackElo "1896"]
[PlyCount "43"]
[EventDate "2022.09.30"]
[EventType "tourn"]
[EventRounds "13"]
[EventCountry "POL"]
[SourceTitle "EXT 2024"]
[Source "ChessBase"]
[SourceDate "2023.10.10"]
[SourceVersion "1"]
[SourceVersionDate "2023.10.10"]
[SourceQuality "1"]

1. Nf3 g6 2. e4 Bg7 3. d4 c5 4. d5 d6 5. c4 Nd7 6. Nc3 Ne5 7. Nxe5 Bxe5 8. Bd3 e6 9. 0-0 Ne7 10. Bh6 Nf5 11. exf5 Qh4 12. f4 Bd4+ 13. Kh1 Qxh6 14. dxe6 fxe6 15. fxe6 Bxe6 16. Re1 Kf7 17. Ne4 Bf5 18. Nxd6+ Kf6 19. Qe2 Rhe8 20. Nxe8+ Rxe8 21. Qxe8 Bxd3 22. Qe6+ 1-0

[Event "Warsaw YMCA Golden Autumn 267th"]
[Site "Warsaw"]
[Date "2022.09.30"]
[Round "1"]
[White "Pajak, Jakub Lech"]
[Black "Choroszej, Aleksander"]
[Result "0-1"]
[WhiteElo "1896"]
[BlackElo "2040"]
[PlyCount "92"]
[EventDate "2022.09.30"]
[EventType "tourn"]
[EventRounds "13"]
[EventCountry "POL"]
[SourceTitle "EXT 2024"]
[Source "ChessBase"]
[SourceDate "2023.10.10"]
[SourceVersion "1"]
[SourceVersionDate "2023.10.10"]
[SourceQuality "1"]

1. e4 g6 2. d4 Bg7 3. Nc3 d6 4. Be3 a6 5. Qd2 b5 6. 0-0-0 Bb7 7. f3 Nd7 8. h4 h6 9. Nh3 c6 10. Kb1 Nb6 11. e5 dxe5 12. dxe5 Qxd2 13. Rxd2 c5 14. Bxc5 Nd7 15. Nxb5 Bxe5 16. Bd4 axb5 17. Bxe5 Nxe5 18. Bxb5+ Bc6 19. Re1 Bxb5 20. Rxe5 Bd7 21. Nf4 Nf6 22. b3 e6 23. c4 Ke7 24. Nd3 Rhd8 25. Nb4 Be8 26. Ree2 Rxd2 27. Rxd2 Rd8 28. Kc2 Rxd2+ 29. Kxd2 Kd6 30. Ke3 Nd7 31. Nd3 Nc5 32. Nf2 f5 33. f4 e5 34. fxe5+ Kxe5 35. b4 f4+ 36. Kf3 Bc6+ 37. Kg4 Ne6 38. Nd3+ Ke4 39. Ne1 h5+ 40. Kh3 Kd4 41. c5 Kc3 42. a3 Nd4 43. g4 Kd2 44. gxh5 gxh5 45. Ng2 Bxg2+ 46. Kxg2 Ke2 0-1

[Event "Warsaw YMCA Summer-A 261st"]
[Site "Warsaw"]
[Date "2022.08.10"]
[Round "9"]
[White "Moskwinski, Marek"]
[Black "Pajak, Jakub Lech"]
[Result "1-0"]
[WhiteElo "1856"]
[BlackElo "1897"]
[PlyCount "147"]
[EventDate "2022.06.29"]
[EventType "swiss"]
[EventRounds "10"]
[EventCountry "POL"]
[SourceTitle "EXT 2023"]
[Source "ChessBase"]
[SourceDate "2022.10.05"]
[SourceVersion "1"]
[SourceVersionDate "2022.10.05"]
[SourceQuality "1"]

1. e4 e5 2. Nf3 Nf6 3. Nc3 d6 4. d4 Nbd7 5. Bc4 exd4 6. Nxd4 Nb6 7. Bb3 c5 8. Nf3 c4 9. Ba4+ Nxa4 10. Nxa4 d5 11. exd5 Qxd5 12. Nc3 Qxd1+ 13. Nxd1 Bd6 14. 0-0 0-0 15. Ne3 b5 16. a4 bxa4 17. Nxc4 Bc7 18. Rd1 Bg4 19. Rxa4 Rad8 20. Re1 Rfe8 21. Rxe8+ Nxe8 22. Ne3 f5 23. Rd4 Bxf3 24. Rxd8 Bxd8 25. gxf3 g6 26. Nd5 Kf7 27. Be3 a6 28. Nb4 Bf6 29. c3 Nd6 30. Nxa6 Nc4 31. Bc1 Ne5 32. Nb4 Nxf3+ 33. Kg2 Ne1+ 34. Kg3 Ke6 35. f4 Be7 36. Kf2 Bh4+ 37. Ke2 Ng2 38. Nd3 Bf6 39. c4 h6 40. b4 g5 41. b5 g4 42. b6 Kd6 43. c5+ Kc6 44. Nb4+ Kb7 45. c6+ Kxb6 46. Nd5+ Kxc6 47. Nxf6 Kd6 48. Be3 Ke6 49. Nh5 Nh4 50. Kf2 Ng6 51. Bd4 Nh4 52. Kg3 Nf3 53. Ng7+ Kd5 54. Nxf5 Ke4 55. Nxh6 Nxd4 56. Kxg4 Kd5 57. Nf5 Ne2 58. h4 Ke6 59. Kg5 Kf7 60. h5 Nc3 61. Nd6+ Kg7 62. h6+ Kh7 63. f5 Nd5 64. Ne4 Nc7 65. Nf6+ Kh8 66. Ng4 Kh7 67. f6 Ne6+ 68. Kf5 Nf8 69. f7 Ng6 70. Kf6 Kh8 71. Ne5 Nf8 72. Ke7 Ng6+ 73. Nxg6+ Kh7 74. f8Q 1-0

[Event "Warsaw YMCA Spring-A 257th"]
[Site "Warsaw"]
[Date "2022.05.13"]
[Round "6"]
[White "Pajak, Jakub Lech"]
[Black "Dunalewicz, Pawel"]
[Result "1/2-1/2"]
[WhiteElo "1897"]
[BlackElo "1879"]
[PlyCount "120"]
[EventDate "2022.04.08"]
[EventType "tourn"]
[EventRounds "11"]
[EventCountry "POL"]
[SourceTitle "EXT 2023"]
[Source "ChessBase"]
[SourceDate "2022.10.05"]
[SourceVersion "1"]
[SourceVersionDate "2022.10.05"]
[SourceQuality "1"]

1. e4 e6 2. d4 d5 3. Nc3 Nf6 4. Bg5 dxe4 5. Nxe4 Nbd7 6. Nf3 Be7 7. Nxf6+ Nxf6 8. Bd3 b6 9. Bb5+ Bd7 10. Bxd7+ Nxd7 11. Bxe7 Qxe7 12. 0-0 0-0 13. c3 Rad8 14. Qa4 a5 15. Rad1 Qd6 16. Rfe1 c6 17. Qc2 h6 18. Nd2 Qc7 19. Re3 c5 20. Nf1 Nf6 21. Red3 c4 22. Rg3 e5 23. Qf5 Nh7 24. Qh5 exd4 25. cxd4 Nf6 26. Qh4 Rd5 27. Ne3 Rh5 28. Qxf6 Qxg3 29. hxg3 gxf6 30. Nxc4 Rb5 31. b3 Rd8 32. Kf1 a4 33. Rd3 Ra8 34. Ke2 Kf8 35. Ke3 Ke7 36. Ke4 axb3 37. axb3 Ra2 38. Ke3 Ra1 39. g4 Re1+ 40. Kd2 Ra1 41. Ke3 Ra2 42. g3 Ra8 43. Kf4 Ra2 44. Ke3 Kd7 45. f4 Kc7 46. d5 Ra1 47. Ke4 Kd7 48. Kf5 Rb1 49. Nd2 Rd1 50. Kxf6 Rc5 51. Kxf7 Rc2 52. Nc4 Rxd3 53. Ne5+ Kd6 54. Nxd3 Rc3 55. Ne5 Rxb3 56. Kg6 Rxg3 57. Kxh6 b5 58. g5 Kxd5 59. g6 b4 60. g7 Rxg7 1/2-1/2

[Event "Warsaw YMCA Spring-A 257th"]
[Site "Warsaw"]
[Date "2022.05.06"]
[Round "5"]
[White "Niedbal, Piotr"]
[Black "Pajak, Jakub Lech"]
[Result "1/2-1/2"]
[WhiteElo "1868"]
[BlackElo "1897"]
[PlyCount "62"]
[EventDate "2022.04.08"]
[EventType "tourn"]
[EventRounds "11"]
[EventCountry "POL"]
[SourceTitle "EXT 2023"]
[Source "ChessBase"]
[SourceDate "2022.10.05"]
[SourceVersion "1"]
[SourceVersionDate "2022.10.05"]
[SourceQuality "1"]

1. e4 g6 2. d4 Bg7 3. Nf3 c5 4. c4 cxd4 5. Nxd4 Nc6 6. Be3 Nf6 7. Nc3 0-0 8. Be2 d6 9. 0-0 Bd7 10. Qd2 Nxd4 11. Bxd4 Bc6 12. f3 a5 13. b3 Nd7 14. Be3 Nc5 15. Rac1 e6 16. Kh1 Be5 17. Bg5 f6 18. Be3 f5 19. Bg5 Qb6 20. Be7 Rf7 21. Bxd6 Rd7 22. Bxc5 Rxd2 23. Bxb6 Bxc3 24. Rxc3 Rxe2 25. exf5 gxf5 26. a3 Kf7 27. Kg1 Rg8 28. Rf2 Re1+ 29. Rf1 Re2 30. Rf2 Re1+ 31. Rf1 Re2 1/2-1/2

[Event "Warsaw YMCA Spring-A 257th"]
[Site "Warsaw"]
[Date "2022.04.28"]
[Round "4"]
[White "Pajak, Jakub Lech"]
[Black "Polak, Michal"]
[Result "1/2-1/2"]
[WhiteElo "1897"]
[BlackElo "1945"]
[PlyCount "289"]
[EventDate "2022.04.08"]
[EventType "tourn"]
[EventRounds "11"]
[EventCountry "POL"]
[SourceTitle "EXT 2023"]
[Source "ChessBase"]
[SourceDate "2022.10.05"]
[SourceVersion "1"]
[SourceVersionDate "2022.10.05"]
[SourceQuality "1"]

1. e4 e5 2. Nf3 Nc6 3. d4 exd4 4. Nxd4 Nf6 5. Nxc6 bxc6 6. Bd3 d5 7. Qe2 dxe4 8. Nc3 Bb4 9. Bxe4 0-0 10. Bxc6 Rb8 11. 0-0 Qd6 12. Bb5 Ng4 13. g3 Bxc3 14. bxc3 Ne5 15. Bf4 Rxb5 16. Qxb5 Nf3+ 17. Kg2 Qe6 18. Kxf3 Bd7 19. Qe5 Qc6+ 20. Ke3 Re8 21. Qxe8+ Bxe8 22. Kd2 Bd7 23. Rab1 h6 24. Rb8+ Kh7 25. Rfb1 Qd5+ 26. Kc1 Qxa2 27. Be3 a5 28. R8b7 Bf5 29. R1b2 Qc4 30. R2b5 Be4 31. Rb8 Qxc3 32. Rc5 Qa1+ 33. Rb1 Qa3+ 34. Rb2 c6 35. Kb1 Bd5 36. h4 Qa4 37. Rb8 Qa2+ 38. Kc1 a4 39. Bd4 Qa3+ 40. Kd2 Qf3 41. Ra8 a3 42. Be3 a2 43. c4 Be4 44. Rxa2 Qf6 45. Rca5 Qd6+ 46. Kc1 Qd3 47. c5 Qb1+ 48. Kd2 Bd5 49. Ra1 Qb2+ 50. Ke1 Bc4 51. Bd2 Qe5+ 52. Be3 Qc3+ 53. Kd1 Qd3+ 54. Kc1 Bb3 55. R5a2 Qc3+ 56. Kb1 Bc4 57. Rc2 Qd3 58. Kc1 Bb3 59. Raa2 Kg6 60. Rd2 Qc3+ 61. Rdc2 Qd3 62. Rd2 Qc4+ 63. Rac2 Bxc2 64. Rxc2 Qf1+ 65. Kd2 Kf5 66. Rc1 Qb5 67. Rc3 Ke4 68. f3+ Kxf3 69. Bxh6+ Kf2 70. Bf4 f6 71. Rc2 Qb4+ 72. Kd3+ Kf3 73. Rc4 Qb1+ 74. Kc3 Qa1+ 75. Kd3 Qb2 76. Rc2 Qb1 77. Kc3 Ke4 78. Bd6 Qe1+ 79. Kb3 Kd3 80. Rb2 Qa5 81. Bf8 Qb5+ 82. Ka2 Qa4+ 83. Kb1 Qd1+ 84. Ka2 Qg4 85. Bd6 Qa4+ 86. Kb1 Kc3 87. Bf8 Qe4+ 88. Ka2 Qe6+ 89. Kb1 Qf5+ 90. Ka2 Qd5+ 91. Kb1 Qd1+ 92. Ka2 Qa4+ 93. Kb1 g6 94. Bd6 Qa3 95. Rc2+ Kd3 96. Rb2 Qa4 97. Rb6 Qd1+ 98. Ka2 Kc4 99. Rb2 Kc3 100. Bf4 Qa4+ 101. Kb1 Qe4+ 102. Ka2 Qd5+ 103. Kb1 Qd1+ 104. Ka2 Qd5+ 105. Kb1 Qf5+ 106. Kc1 g5 107. hxg5 fxg5 108. Bd2+ Kc4 109. Rc2+ Kb3 110. Rc3+ Ka2 111. Rc2+ Ka3 112. Rc3+ Ka4 113. Kb2 Kb5 114. Kc1 Qf1+ 115. Kc2 Qe2 116. Kc1 g4 117. Kc2 Qe4+ 118. Kb2 Qa4 119. Kc1 Qa2 120. Bf4 Qa1+ 121. Kc2 Kb4 122. Bd2 Kb5 123. Bf4 Qe1 124. Bd2 Qe2 125. Kc1 Ka6 126. Kc2 Kb7 127. Kc1 Kc8 128. Kc2 Qe4+ 129. Kb2 Qb4+ 130. Kc2 Qa4+ 131. Kb2 Kd7 132. Bf4 Ke6 133. Bd6 Kd5 134. Rc2 Qb4+ 135. Ka1 Qb3 136. Rb2 Qd1+ 137. Ka2 Kc4 138. Rb8 Qa4+ 139. Kb1 Qd1+ 140. Ka2 Qe1 141. Rb2 Qa5+ 142. Kb1 Qe1+ 143. Ka2 Qa5+ 144. Kb1 Qe1+ 145. Ka2 1/2-1/2

[Event "Warsaw YMCA Spring-A 257th"]
[Site "Warsaw"]
[Date "2022.04.22"]
[Round "3"]
[White "Choroszej, Aleksander"]
[Black "Pajak, Jakub Lech"]
[Result "1-0"]
[WhiteElo "2029"]
[BlackElo "1897"]
[PlyCount "101"]
[EventDate "2022.04.08"]
[EventType "tourn"]
[EventRounds "11"]
[EventCountry "POL"]
[SourceTitle "EXT 2023"]
[Source "ChessBase"]
[SourceDate "2022.10.05"]
[SourceVersion "1"]
[SourceVersionDate "2022.10.05"]
[SourceQuality "1"]

1. d4 Nf6 2. c4 g6 3. Nc3 Bg7 4. e4 d6 5. f4 0-0 6. Nf3 c5 7. d5 Re8 8. Be2 e6 9. e5 Ng4 10. h3 Nh6 11. 0-0 exd5 12. cxd5 Nf5 13. Ne4 dxe5 14. fxe5 Rxe5 15. Nxe5 Bxe5 16. Bg5 f6 17. Bf4 Bd4+ 18. Kh1 Kg7 19. Rc1 b6 20. b4 Nd7 21. Bb5 Bb7 22. Bc6 Bxc6 23. dxc6 Ne5 24. bxc5 Qd5 25. Nd6 Nh4 26. Rc2 bxc5 27. Bxe5 Qxe5 28. Nb5 Nf5 29. Nxd4 cxd4 30. Re1 Ne3 31. Qd3 Qg5 32. Rf2 Qh4 33. Rxe3 dxe3 34. Qxe3 Qb4 35. Rd2 Qb1+ 36. Kh2 Qb8+ 37. g3 Qf8 38. Rd7+ Kh8 39. Qb3 Qe8 40. Qc3 Qe2+ 41. Kg1 Rf8 42. c7 Qe6 43. Rd8 Qb6+ 44. Qd4 Qb1+ 45. Kh2 Qc2+ 46. Qd2 Qxc7 47. Rxf8+ Kg7 48. Rd8 Qb6 49. Rd7+ Kg8 50. Qd5+ Kh8 51. Qa8+ 1-0

[Event "Warsaw YMCA Spring-A 257th"]
[Site "Warsaw"]
[Date "2022.04.15"]
[Round "2"]
[White "Pajak, Jakub Lech"]
[Black "Kaminski, Maciej1"]
[Result "0-1"]
[WhiteElo "1897"]
[BlackElo "1941"]
[PlyCount "86"]
[EventDate "2022.04.08"]
[EventType "tourn"]
[EventRounds "11"]
[EventCountry "POL"]
[SourceTitle "EXT 2023"]
[Source "ChessBase"]
[SourceDate "2022.10.05"]
[SourceVersion "1"]
[SourceVersionDate "2022.10.05"]
[SourceQuality "1"]

1. e4 c5 2. Nf3 e6 3. b3 b6 4. Bb2 Bb7 5. Bd3 Nc6 6. c3 d5 7. 0-0 dxe4 8. Bxe4 Nf6 9. Bxc6+ Bxc6 10. d4 Qc7 11. Ne5 Bb7 12. Qe2 Bd6 13. Qb5+ Kf8 14. Re1 Nd5 15. Nd2 a6 16. Qf1 Nf4 17. Nef3 cxd4 18. cxd4 Bb4 19. Rec1 Qe7 20. Bc3 Ba3 21. Re1 Rc8 22. Re3 Nd5 23. Nc4 Nxe3 24. fxe3 b5 25. Nxa3 Rxc3 26. Qe1 Rc8 27. Qa5 g6 28. Rf1 Kg7 29. Ne5 Rhf8 30. Nd3 Qg5 31. Nf4 e5 32. dxe5 Qxe5 33. Qb6 Qc5 34. Ne6+ fxe6 35. Qxb7+ Rc7 36. Qe4 Rxf1+ 37. Kxf1 Qc1+ 38. Ke2 Qb2+ 39. Kf3 Rf7+ 40. Kg4 h5+ 41. Kh3 Qxa3 42. Qe5+ Kh7 43. Qxe6 Qe7 0-1